000 00302nam a22001337a 4500
020 _a978-935543-068-7
082 _a894.812.3
_bDAL/R
100 _aDAL,RUVOLD
245 _aCHARLIYUM CHOCOLATE FACTORIYUM
260 _bMANJUL PUBLISHING HOUSE
300 _a181
650 _aSTORY
_zKERALA
942 _cBK
999 _c7124
_d7124